Fine Arts - Visual Fine Arts | 4 | 2 | 0 | 2 | 80 | 51 | 87.00 | 2 | 6 |
Literature - British Literature | 4 | 2 | 1 | 1 | 75 | 31 | 73.00 | 4 | 6 |
Literature - American Literature | 2 | 5 | 1 | 1 | 75 | 61 | 92.43 | 2 | 7 |
| 2 | 5 | 2 | 3 | 70 | 63 | 116.43 | 1 | 7 |
Philosophy | 0 | 4 | 1 | 0 | 35 | 60 | 83.25 | 2 | 4 |
Other Science: Computer Science | 2 | 0 | 0 | 0 | 30 | 40 | 52.00 | 2 | 2 |
Literature - European Literature | 2 | 1 | 2 | 0 | 30 | 9 | 63.00 | 2 | 3 |
Other Science: Math | 1 | 1 | 0 | 0 | 25 | 22 | 85.50 | 1 | 2 |
Other Arts: Auditory | 0 | 1 | 0 | 0 | 10 | 142 | 142.00 | 0 | 1 |
History - European History | 0 | 1 | 0 | 0 | 10 | 89 | 89.00 | 1 | 1 |
Other Arts: Visual | 0 | 2 | 2 | 0 | 10 | 87 | 103.00 | 0 | 2 |
Science - Physics | 0 | 1 | 0 | 1 | 10 | 123 | 123.00 | 0 | 1 |
Other Academic | 0 | 1 | 1 | 1 | 5 | 123 | 123.00 | 0 | 1 |
Social Science | 0 | 1 | 1 | 1 | 5 | 122 | 122.00 | 0 | 1 |
Beliefs | 0 | 1 | 1 | 0 | 5 | 73 | 73.00 | 1 | 1 |